Návrh zjednodušeného ovládacieho rozhrania elektromobilu

Gespeichert in:
Bibliographische Detailangaben
1. Verfasser: Fabianová, Lenka (Verfasst von)
Weitere Verfasser: Lipková, Michala (Betreuung Doktorarbeit)
Format: Manuskript Buch
Sprache:Slowakisch
Veröffentlicht: 2025
Schlagworte:
Online-Zugang:http://is.stuba.sk/zp/portal_zp.pl?podrobnosti=186025
Tags: Tag hinzufügen
Keine Tags, Fügen Sie das erste Tag hinzu!

MARC

LEADER 00000ntm a22000003a 4500
001 stuzp105059
003 SK-STU
005 20250607211046.8
007 ta
008 150427s2015----xo-----f-mn---000-0-slo-d
040 |a STU  |b slo 
041 0 |a slo 
100 1 |a Fabianová, Lenka  |u 059190  |4 aut  |U FAD Fakulta architektúry a dizajnu  |T FAD Ústav dizajnu  |X 103536  |U A9190  |Y 400  |7 103536 
242 0 1 |a Design of a simplified in-car HMI for an electric vehicle  |y eng 
245 1 0 |a Návrh zjednodušeného ovládacieho rozhrania elektromobilu 
260 |c 2025 
650 4 |a hardware controls  |2 eng 
650 4 |a user interface  |2 eng 
650 4 |a user testing  |2 eng 
650 4 |a experience design  |2 eng 
650 4 |a electric vehicle  |2 eng 
650 4 |a infotainment  |2 eng 
650 4 |a BYOD  |2 eng 
650 4 |a HMI  |2 eng 
650 4 |a elektromobil  |2 slo 
650 4 |a BYOD  |2 slo 
650 4 |a HMI  |2 slo 
650 4 |a infotainment  |2 slo 
650 4 |a hardvérové ovládanie  |2 slo 
650 4 |a užívateľské rozhranie  |2 slo 
650 4 |a užívateľské testovanie  |2 slo 
650 4 |a dizajn zážitku  |2 slo 
700 1 |a Lipková, Michala  |u 059190  |k Z1  |4 ths  |U FAD Fakulta architektúry a dizajnu  |T FAD Ústav dizajnu  |X 15371  |U A9190  |Y 400  |7 A000015371 
856 4 |u http://is.stuba.sk/zp/portal_zp.pl?podrobnosti=186025